| 000 | 00809nam a22002537a 4500 | ||
|---|---|---|---|
| 008 | 240821b mp ||||| |||| 00| 0 mon d | ||
| 020 | _a978-99962-0-018-2 | ||
| 035 | _a2580 | ||
| 040 |
_aDXO45059 _bmon _cMN-UlNLM _dMN-UlNLM _erda |
||
| 041 | _amon | ||
| 082 |
_210-t _a891.7 3 _bТ.619 |
||
| 100 | _aТатьяна Тронина | ||
| 245 | 0 | _aЭэжээ би нэг хөвгүүнд хайртай | |
| 245 | 0 | _b0 | |
| 245 | 0 | _c/Орч.Т.Дөлгөөн | |
| 264 |
_aУБ _bМонсудар хэвлэлийн газар _c2009 |
||
| 300 | _a208х. | ||
| 336 |
_2rdacontent _atext _btxt |
||
| 337 |
_2rdamedia _aunmediated _bn |
||
| 338 |
_2rdacarrier _avolume _bnc |
||
| 505 | _tээжээ би нэг хөвгүүнд хайртай; 0; 0; 0; 0 | ||
| 650 | _aСалбар | ||
| 942 |
_210-t _cBK |
||
| 999 |
_c1127940 _d1127997 |
||